000 00790cam a2200265 i 4500
001 30973
003 BD-RjUL
005 20211209051638.0
008 140413s1962 nju b 001 0 eng
020 _a0691072256 :
035 _a(BD-RjUL)31060
040 _aDLC
_cDLC
_dDLC
_dBD-RjUL
_beng
041 _aeng
082 0 0 _a193
_bYOK 1962
100 1 _aYovel, Yirmiahu.
_994117
245 1 0 _aKant and the philosophy of history /
_cYirmiahu Yovel.
260 _aPrinceton, N.J. :
_bPrinceton University Press,
_cc1962
300 _axv, 632 p. ;
_c23 cm.
504 _aBibliography: p. 307-309.
504 _aIncludes index.
600 1 0 _aKant, Immanuel,
_d1724-1804.
_9168346
650 0 _aHistory
_xPhilosophy
_xHistory
_y18th century.
_92767
942 _2ddc
_cBK
999 _c30973
_d30973